[Event "RSA-ch U14"]
[Site "Waterkloof"]
[Date "2015.04.08"]
[Round "7"]
[White "Fu, Michael"]
[Black "Fourie, Louhan"]
[Result "0-1"]
[WhiteElo "1204"]
[BlackElo "1364"]
[PlyCount "87"]
[EventDate "2015.04.04"]
[EventType "swiss"]
[EventRounds "9"]
[EventCountry "RSA"]
[SourceTitle "CBM 166 Extra"]
[Source "ChessBase"]
[SourceDate "2015.06.18"]
[SourceVersion "1"]
[SourceVersionDate "2015.06.18"]
[SourceQuality "1"]

1. Nc3 c5 2. Nf3 Nc6 3. d4 cxd4 4. Nxd4 Nf6 5. Bf4 d6 6. Nb3 g6 7. Qd2 Bf5 8. f3 d5 9. g4 Be6 10. Nb5 Rc8 11. Bh6 Bxh6 12. Qxh6 Nb4 13. N5d4 Nxc2+ 14. Nxc2 Rxc2 15. Bg2 Qb6 16. Qf4 Qc7 17. Qa4+ Bd7 18. Qxa7 0-0 19. Qd4 e5 20. Qd3 Rxb2 21. 0-0 Qb6+ 22. Kh1 Bb5 23. Qc3 Rxe2 24. Rfe1 Rxe1+ 25. Rxe1 d4 26. Qd2 Re8 27. Qg5 Qd6 28. h4 Kg7 29. Rb1 Bd3 30. Rc1 Qa3 31. Qd2 Bb5 32. Rc5 Bc6 33. Qa5 Qxa5 34. Nxa5 d3 35. Rc1 d2 36. Rd1 e4 37. fxe4 Bxe4 38. Rxd2 Bxg2+ 39. Rxg2 b6 40. Nc4 b5 41. Nd6 Rb8 42. g5 Nd5 43. Rb2 Nb6 44. Nxb5 0-1

[Event "RSA-ch U14"]
[Site "Waterkloof"]
[Date "2015.04.08"]
[Round "8"]
[White "Fu, Michael"]
[Black "Joule, Ethan"]
[Result "1-0"]
[WhiteElo "1204"]
[BlackElo "1344"]
[PlyCount "85"]
[EventDate "2015.04.04"]
[EventType "swiss"]
[EventRounds "9"]
[EventCountry "RSA"]
[SourceTitle "CBM 166 Extra"]
[Source "ChessBase"]
[SourceDate "2015.06.18"]
[SourceVersion "1"]
[SourceVersionDate "2015.06.18"]
[SourceQuality "1"]

1. Nc3 d5 2. d4 Bf5 3. Nf3 e6 4. Bf4 Nf6 5. e3 Bd6 6. Bxd6 cxd6 7. Bd3 Bg6 8. 0-0 0-0 9. Bxg6 hxg6 10. Qd3 Nc6 11. Rfe1 e5 12. Qb5 Qc8 13. Nxd5 Nxd5 14. Qxd5 Nb4 15. Qxd6 e4 16. Ng5 Nxc2 17. Rac1 Qf5 18. Rxc2 Qxg5 19. Rc5 Qf6 20. Qd5 b6 21. Rc6 Qf5 22. Qxf5 gxf5 23. f3 Rfe8 24. Kf2 Rac8 25. Rec1 Rxc6 26. Rxc6 Re7 27. h3 g6 28. fxe4 fxe4 29. g4 g5 30. Kg3 Kg7 31. h4 gxh4+ 32. Kxh4 f6 33. Kg3 Kg6 34. Kf4 Kg7 35. Kf5 Rf7 36. Kxe4 Re7+ 37. Kf4 Kf7 38. e4 b5 39. a3 a5 40. Ra6 b4 41. Rxa5 bxa3 42. bxa3 Ke6 43. Rf5 1-0